000 00845nam a2200253Ia 4500
003 OSt
005 20220918171127.0
006 a|||||r|||| 00| 0
007 ta
008 220917b |||||||| |||| 00| 0 eng d
020 _a9781316604304 (pbk)
_c500
024 _a289,564
037 _b235/2015-16, 22/03/2016, Excel Book International
_cTextual
040 _aARTS
_cARTS
_beng
041 _2eng
_aeng
082 _aV225.N, Q5
100 _aSherman Taylor C.
_930331
245 0 _aMuslim belonging in secular India
_b Negotiatingt citizenship in postcolonial Hyderabad
260 _aCambridge
_bCambridge University Press UK
_c2015
300 _axiii, 200p.
_ccm.
650 _aHISTORY
942 _hV225.N, Q5
_cTEXL
_2CC
999 _c137997
_d137997